[Event "DEM U12 2011"]
[Site "Oberhof GER"]
[Date "2011.06.13"]
[Round "3"]
[White "Schmekel, Florian"]
[Black "Rausch, Adrian"]
[Result "1/2-1/2"]
[Termination "normal"]
[Board "26"]
[WhiteElo "1544"]
[BlackElo "1469"]
[PlyCount "82"]
[WhiteFideId "12913456"]
[BlackFideId "12929069"]
[EventCountry "GER"]
[EventRounds "11"]
[EventType "swiss"]
[EventDate "2011.06.11"]

1. d4 Nf6 2. c4 c5 3. d5 b5 4. cxb5 a6 5. bxa6 g6 6. e3 Bxa6 7. Bxa6 Qa5+ 8.
Nc3 Qxa6 9. Nge2 d6 10. O-O Bg7 11. Qb3 Nbd7 12. Qb5 O-O 13. Qxa6 Rxa6 14. e4
Rb8 15. Rb1 Ne8 16. Bd2 Ne5 17. b3 Nd3 18. Na4 Nb4 19. Bxb4 Rxb4 20. Nec3 Nc7
21. Rfc1 Nb5 22. Nxb5 Rxb5 23. Rc4 Bd4 24. Kf1 e6 25. f3 Ra7 26. Re1 Rab7 27.
Ke2 Rb4 28. Rxb4 Rxb4 29. Rc1 Kf8 30. Rc4 Rxc4 31. bxc4 Ke7 32. Kd3 Kd7 33. Nc3
Bxc3 34. Kxc3 e5 35. g3 Kc7 36. h4 h6 37. f4 f6 38. fxe5 fxe5 39. Kb3 g5 40.
Ka4 Kb6 41. h5 g4 1/2-1/2

[Event "DEM U12 2011"]
[Site "Oberhof GER"]
[Date "2011.06.13"]
[Round "3"]
[White "Sieber, Fiona"]
[Black "Klodt, Daniel"]
[Result "1-0"]
[Termination "normal"]
[Board "27"]
[WhiteElo "1689"]
[BlackElo "1390"]
[PlyCount "87"]
[WhiteFideId "12902373"]
[BlackFideId "12938068"]
[EventCountry "GER"]
[EventRounds "11"]
[EventType "swiss"]
[EventDate "2011.06.11"]

1. e4 e6 2. d4 d5 3. Nc3 Bb4 4. e5 c5 5. a3 Bxc3+ 6. bxc3 Nc6 7. Qg4 Nge7 8.
Qxg7 Rg8 9. Qxh7 cxd4 10. cxd4 Nxd4 11. Qd3 Nec6 12. f4 Qb6 13. Nf3 Nxf3+ 14.
Qxf3 Nd4 15. Qd3 Bd7 16. c3 Nf5 17. Rb1 Qc7 18. g3 a6 19. Qf3 Bc6 20. Qf2 d4
21. Rg1 dxc3 22. Qc5 Rd8 23. Bg2 Qd7 24. Bxc6 bxc6 25. Qxc3 Qd5 26. Bd2 Qe4+
27. Kf2 Nd4 28. Qe3 Qd5 29. Rgd1 Rh8 30. h4 Nf5 31. Qf3 Qxf3+ 32. Kxf3 Rg8 33.
Be1 Nd4+ 34. Ke4 c5 35. Bf2 Ke7 36. Rb7+ Ke8 37. Ra7 Nc6 38. Rxd8+ Nxd8 39.
Bxc5 Nc6 40. Ra8+ Nd8 41. Bb6 Ke7 42. Bxd8+ Rxd8 43. Rxd8 Kxd8 44. h5 1-0

[Event "DEM U12 2011"]
[Site "Oberhof GER"]
[Date "2011.06.13"]
[Round "3"]
[White "Schmidt, Tobias"]
[Black "Bugdahl, Felix"]
[Result "1/2-1/2"]
[Termination "normal"]
[Board "29"]
[WhiteElo "1580"]
[BlackElo "1350"]
[PlyCount "110"]
[WhiteFideId "1271683"]
[BlackFideId "12938092"]
[EventCountry "GER"]
[EventRounds "11"]
[EventType "swiss"]
[EventDate "2011.06.11"]

1. e4 c6 2. d4 d5 3. Nc3 e6 4. Nf3 Bb4 5. Bd3 Nf6 6. e5 Bxc3+ 7. bxc3 Ne4 8.
Bxe4 dxe4 9. Ng5 f5 10. exf6 Qxf6 11. Nxe4 Qg6 12. Ng3 O-O 13. O-O b6 14. Be3
Nd7 15. Qd3 Qf7 16. Ne4 h6 17. Nd6 Qf6 18. Qc4 c5 19. Nxc8 Raxc8 20. Qe2 c4 21.
Rab1 a6 22. Rb4 b5 23. Re1 Nb6 24. Bd2 Nd5 25. Rb2 Nf4 26. Bxf4 Qxf4 27. Qe3
Qf7 28. Qxe6 Rce8 29. Qxf7+ Kxf7 30. Rxe8 Rxe8 31. Kf1 g5 32. f3 Re3 33. Kf2
Rxc3 34. Ke2 Ra3 35. Kd1 Ke6 36. Ke2 Kd5 37. Kd1 Kxd4 38. c3+ Rxc3 39. Ke2 Re3+
40. Kf2 c3 41. Rb4+ Kd3 42. Rb3 Re2+ 43. Kf1 Kd2 44. Rxc3 Re1+ 45. Kf2 Rf1+ 46.
Kxf1 Kxc3 47. Ke2 Kb2 48. g3 b4 49. f4 gxf4 50. gxf4 Kxa2 51. f5 b3 52. f6 b2
53. f7 b1=Q 54. f8=Q Qe4+ 55. Kf2 Qh4+ 1/2-1/2

[Event "DEM U12 2011"]
[Site "Oberhof GER"]
[Date "2011.06.13"]
[Round "3"]
[White "Oberhofer, Marie"]
[Black "Rätzke von Stoyentin, Steffen"]
[Result "0-1"]
[Termination "normal"]
[Board "30"]
[WhiteElo "1068"]
[BlackElo "1728"]
[PlyCount "122"]
[WhiteFideId "12938165"]
[BlackFideId "12907502"]
[EventCountry "GER"]
[EventRounds "11"]
[EventType "swiss"]
[EventDate "2011.06.11"]

1. e4 e5 2. Nf3 Nc6 3. Bc4 Bc5 4. d3 Nf6 5. O-O d6 6. Be3 Bb6 7. Re1 Bg4 8. h3
Bh5 9. c3 O-O 10. Bb3 Qe7 11. Nbd2 Bg6 12. Nf1 Nd8 13. Ng3 Ne6 14. Qd2 Nc5 15.
Bc2 c6 16. b4 Ne6 17. d4 exd4 18. cxd4 Rae8 19. Qd3 d5 20. Nf5 Qxb4 21. Bd2
dxe4 22. Bxb4 exd3 23. Bxf8 Bxf5 24. Bxd3 Bxd3 25. Ba3 Rd8 26. Rad1 Bc4 27. Nd2
Bxa2 28. Nf3 h6 29. Bb2 Bb3 30. Rd2 Ba5 31. Re3 Bxd2 32. Rxb3 Ba5 33. Rxb7 Bb6
34. Kf1 Nc7 35. Ne5 Ra8 36. Nxc6 Ne4 37. Ne7+ Kh7 38. Nc6 Nd6 39. Rb8 Rxb8 40.
Nxb8 Ncb5 41. Nc6 Nf5 42. Ne5 f6 43. Nc4 Bxd4 44. Bc1 Nfd6 45. Na5 Bc3 46. Nb3
a5 47. Nc5 Bb4 48. Na4 Nc3 49. Nb2 Ba3 50. Ke1 Bxb2 51. Bxb2 Ncb5 52. Ke2 a4
53. Kd1 a3 54. Ba1 Kg6 55. Ke2 Kf5 56. Kf3 a2 57. g4+ Ke6 58. Kg3 Na3 59. Kh4
Nc2 60. Bb2 Nc4 61. Bc3 Nb6 0-1

[Event "DEM U12 2011"]
[Site "Oberhof GER"]
[Date "2011.06.13"]
[Round "3"]
[White "Speck, Jakob"]
[Black "Diener, Carolin"]
[Result "0-1"]
[Termination "normal"]
[Board "31"]
[WhiteElo "987"]
[BlackElo "1590"]
[PlyCount "54"]
[WhiteFideId "12938181"]
[BlackFideId "24699063"]
[EventCountry "GER"]
[EventRounds "11"]
[EventType "swiss"]
[EventDate "2011.06.11"]

1. e4 e5 2. Nf3 Nc6 3. d4 exd4 4. Nxd4 Bc5 5. Be3 Bb6 6. Nc3 Nf6 7. g3 d6 8.
Bg2 Bd7 9. Qd2 O-O 10. O-O-O Ne5 11. Bg5 h6 12. Bxf6 Qxf6 13. f4 Nc6 14. Nf3
Rfd8 15. Rhe1 Ba5 16. e5 dxe5 17. fxe5 Qe7 18. Kb1 Be6 19. Qe3 a6 20. Nd4 Nxd4
21. Rxd4 Rxd4 22. Qxd4 Rd8 23. Qa7 Bxc3 24. bxc3 Qa3 25. Qxb7 Bxa2+ 26. Ka1
Bb3+ 27. Kb1 Qa2+ 0-1

[Event "DEM U12 2011"]
[Site "Oberhof GER"]
[Date "2011.06.13"]
[Round "3"]
[White "Kreyssig, Bruno"]
[Black "Trotzke, Johannes"]
[Result "1-0"]
[Termination "normal"]
[Board "32"]
[WhiteElo "1587"]
[BlackElo "1491"]
[PlyCount "46"]
[WhiteFideId "4692489"]
[BlackFideId "12918105"]
[EventCountry "GER"]
[EventRounds "11"]
[EventType "swiss"]
[EventDate "2011.06.11"]

1. e4 d5 2. exd5 Qxd5 3. Nc3 Qd6 4. Nf3 Nf6 5. d4 c6 6. Bg5 Bg4 7. h3 Bh5 8.
Be2 Nbd7 9. Qd2 e6 10. Bf4 Qb4 11. O-O-O Qa5 12. Ne5 Bxe2 13. Qxe2 Nxe5 14.
dxe5 Nd5 15. Nxd5 exd5 16. Kb1 Rd8 17. e6 fxe6 18. Qxe6+ Be7 19. Rhe1 Qc5 20.
Bg5 Rd7 21. Bxe7 Rxe7 22. Qc8+ Kf7 23. Qxh8 Qxf2 1-0

[Event "DEM U12 2011"]
[Site "Oberhof GER"]
[Date "2011.06.13"]
[Round "3"]
[White "Torgashov, Katerina"]
[Black "Scheinhütte, Jakob"]
[Result "0-1"]
[Termination "normal"]
[Board "33"]
[WhiteElo "1043"]
[BlackElo "1587"]
[PlyCount "104"]
[WhiteFideId "12938173"]
[BlackFideId "24693944"]
[EventCountry "GER"]
[EventRounds "11"]
[EventType "swiss"]
[EventDate "2011.06.11"]

1. e4 e6 2. d4 d5 3. Nc3 Bb4 4. exd5 exd5 5. Nf3 Nc6 6. h3 Nge7 7. Bb5 Bf5 8.
O-O f6 9. Re1 Qd7 10. Nh2 O-O-O 11. Be2 Rdg8 12. a3 Bd6 13. Bf3 h5 14. Nxd5
Bxh2+ 15. Kxh2 Nxd5 16. c4 Nb6 17. d5 Ne5 18. b3 Nxf3+ 19. Qxf3 g5 20. a4 g4
21. Qe3 gxh3 22. gxh3 Re8 23. Qc3 Qd6+ 24. Kg1 Rhg8+ 25. Kf1 Rxe1+ 26. Kxe1
Rg1+ 27. Kd2 Qf4+ 28. Ke2 Qe4+ 29. Qe3 Qxe3+ 30. Kxe3 Bxh3 31. Kf4 Nd7 32. Bb2
Rxa1 33. Bxa1 Ne5 34. Bxe5 fxe5+ 35. Kxe5 Kd7 36. f4 c6 37. dxc6+ Kxc6 38. f5
Bxf5 39. Kxf5 Kc5 40. Kg5 Kb4 41. Kxh5 Kxb3 42. Kg4 Kxa4 43. Kf3 Kb4 44. c5
Kxc5 45. Ke2 Kc4 46. Kd1 Kc3 47. Kc1 b5 48. Kb1 b4 49. Kc1 b3 50. Kb1 b2 51.
Ka2 Kc2 52. Ka3 b1=Q 0-1

[Event "DEM U12 2011"]
[Site "Oberhof GER"]
[Date "2011.06.13"]
[Round "3"]
[White "Nobis, Anna"]
[Black "Weis, Olga"]
[Result "1-0"]
[Termination "normal"]
[Board "34"]
[WhiteElo "1572"]
[BlackElo "1541"]
[PlyCount "73"]
[WhiteFideId "1270302"]
[BlackFideId "1270234"]
[EventCountry "GER"]
[EventRounds "11"]
[EventType "swiss"]
[EventDate "2011.06.11"]

1. e4 c6 2. d4 d5 3. Nc3 dxe4 4. Nxe4 Nd7 5. Nf3 Ngf6 6. Ng3 Qc7 7. Bd3 e6 8.
c4 c5 9. O-O Bd6 10. Qe2 O-O 11. dxc5 Nxc5 12. Bc2 Bd7 13. b4 Na6 14. a3 Rac8
15. c5 Nd5 16. Qd3 f5 17. Bb3 Bxg3 18. hxg3 Bc6 19. Bb2 Rfd8 20. Qe2 Qd7 21.
Ne5 Bb5 22. Qf3 Qe7 23. Rfd1 Nac7 24. Rac1 Be8 25. Nc4 Nb5 26. Ne5 Nf6 27. a4
Rxd1+ 28. Rxd1 Bh5 29. g4 Nxg4 30. axb5 Qh4 31. Bxe6+ Kh8 32. Qf4 Re8 33. Nxg4
fxg4 34. Rd7 h6 35. Bxg7+ Kh7 36. Bf6+ Kg6 37. Qf5# 1-0

[Event "DEM U12 2011"]
[Site "Oberhof GER"]
[Date "2011.06.13"]
[Round "3"]
[White "Blumenthal, Clemens"]
[Black "Boussonville, Anna"]
[Result "1-0"]
[Termination "normal"]
[Board "35"]
[WhiteElo "1494"]
[BlackElo "996"]
[PlyCount "105"]
[WhiteFideId "12938050"]
[BlackFideId "12929689"]
[EventCountry "GER"]
[EventRounds "11"]
[EventType "swiss"]
[EventDate "2011.06.11"]

1. e4 e5 2. Nf3 Nc6 3. d4 exd4 4. Nxd4 Nxd4 5. Qxd4 d6 6. Bc4 Nf6 7. Bg5 Be7 8.
Nc3 Be6 9. Be2 h6 10. Bh4 O-O 11. h3 a6 12. g4 b5 13. g5 hxg5 14. Bxg5 c5 15.
Qe3 d5 16. exd5 Bxd5 17. Rg1 g6 18. O-O-O Re8 19. Qe5 b4 20. Nxd5 Nxd5 21. Be3
Qb6 22. Qxd5 Rad8 23. Qh5 Rxd1+ 24. Bxd1 Qf6 25. Qf3 Qxf3 26. Bxf3 c4 27. Be2
Rc8 28. Rg4 c3 29. Bxa6 Rc6 30. Bd3 cxb2+ 31. Kxb2 Rc7 32. Rc4 Rb7 33. Kb3 f5
34. Bd2 Kf7 35. Bxb4 Rxb4+ 36. Rxb4 Bxb4 37. Kxb4 Kf6 38. f4 Ke6 39. a4 Kd6 40.
Bc4 Kc6 41. Bf7 Kb6 42. Bxg6 Kc6 43. Kc4 Kd6 44. Bxf5 Kc6 45. h4 Kc7 46. Kc5
Kd8 47. Kd6 Ke8 48. a5 Kf7 49. a6 Kf6 50. Bd3 Kf7 51. a7 Kg7 52. a8=Q Kh6 53.
Qh8# 1-0

[Event "DEM U12 2011"]
[Site "Oberhof GER"]
[Date "2011.06.13"]
[Round "3"]
[White "Halas, Julia"]
[Black "Schmid, Katharina"]
[Result "1-0"]
[Termination "normal"]
[Board "36"]
[WhiteElo "1424"]
[BlackElo "1070"]
[PlyCount "85"]
[WhiteFideId "12931810"]
[BlackFideId "12918210"]
[EventCountry "GER"]
[EventRounds "11"]
[EventType "swiss"]
[EventDate "2011.06.11"]

1. e4 e5 2. Nf3 Nc6 3. d4 exd4 4. Bc4 Bc5 5. c3 Nf6 6. e5 Ng4 7. cxd4 Bb4+ 8.
Bd2 Bxd2+ 9. Nbxd2 d5 10. Bb5 O-O 11. O-O f6 12. h3 Nh6 13. Bxc6 bxc6 14. Re1
Nf5 15. Rc1 fxe5 16. Rxe5 Bd7 17. Nb3 Qf6 18. Nc5 Be8 19. Ne6 Rf7 20. Neg5 Re7
21. Rxe7 Qxe7 22. Qe1 Bd7 23. Qxe7 Nxe7 24. Ne5 h6 25. Nxd7 hxg5 26. Ne5 Rb8
27. Nxc6 Nxc6 28. Rxc6 Rxb2 29. Rxc7 Rxa2 30. Rc5 a5 31. Rxd5 a4 32. Ra5 a3 33.
d5 Rd2 34. Rxa3 Rxd5 35. Kf1 Re5 36. Re3 Rxe3 37. fxe3 Kf7 38. Ke2 Kf6 39. Kd3
Ke5 40. g3 g6 41. e4 Ke6 42. Ke3 Ke5 43. Kf3 1-0

[Event "DEM U12 2011"]
[Site "Oberhof GER"]
[Date "2011.06.13"]
[Round "3"]
[White "Sadewasser, Lucie"]
[Black "Uffrecht, Luise"]
[Result "1-0"]
[Termination "normal"]
[Board "37"]
[WhiteElo "1361"]
[BlackElo "958"]
[PlyCount "93"]
[WhiteFideId "12905445"]
[EventCountry "GER"]
[EventRounds "11"]
[EventType "swiss"]
[EventDate "2011.06.11"]

1. e4 e5 2. Nf3 Nc6 3. Nc3 Nf6 4. d4 d6 5. Bb5 Bd7 6. Bg5 Be7 7. dxe5 Nxe5 8.
Bxd7+ Qxd7 9. Nxe5 dxe5 10. Bxf6 Bxf6 11. Qxd7+ Kxd7 12. Rd1+ Ke7 13. Nd5+ Kf8
14. Nxc7 Rd8 15. Ke2 Rc8 16. Rd7 a6 17. Kf3 g6 18. Nd5 Kg7 19. Rd1 Rhd8 20.
Nxf6 Rxd7 21. Nxd7 Rd8 22. Ke2 f6 23. Nc5 Rc8 24. Nxb7 Rxc2+ 25. Rd2 Rc4 26.
Nd6 Rc6 27. f3 Kf8 28. Nb7 Ke7 29. Na5 Rc7 30. Kd1 Ke6 31. Nb3 Rd7 32. Nc5+ Kf7
33. Rxd7+ Kg8 34. Nxa6 Kf8 35. b4 f5 36. b5 Ke8 37. Ra7 fxe4 38. b6 e3 39. b7
e2+ 40. Ke1 Ke7 41. b8=Q+ Ke6 42. g4 Kd5 43. Rd7+ Kc4 44. Qc8+ Kb5 45. Rb7+ Ka5
46. Qc5+ Kxa6 47. Qb6# 1-0

[Event "DEM U12 2011"]
[Site "Oberhof GER"]
[Date "2011.06.13"]
[Round "3"]
[White "Rogozenco, Teodora"]
[Black "Moses, Selina"]
[Result "1/2-1/2"]
[Termination "normal"]
[Board "38"]
[WhiteElo "1356"]
[BlackElo "1704"]
[PlyCount "135"]
[WhiteFideId "12938084"]
[BlackFideId "12908070"]
[EventCountry "GER"]
[EventRounds "11"]
[EventType "swiss"]
[EventDate "2011.06.11"]

1. Nf3 d5 2. d4 Nf6 3. c4 c6 4. Nc3 e6 5. Bg5 dxc4 6. a4 Bb4 7. Qc2 b5 8. e4 h6
9. Bxf6 Qxf6 10. b3 c5 11. e5 cxb3 12. Bxb5+ Bd7 13. Qxb3 Qd8 14. O-O O-O 15.
Ne4 Bxb5 16. axb5 Qe7 17. dxc5 Bxc5 18. Nxc5 Qxc5 19. Rfc1 Qb6 20. h3 Nd7 21.
Rc6 Qb8 22. Qb2 Rc8 23. Ra2 Rxc6 24. bxc6 Qxb2 25. Rxb2 Nb6 26. Nd4 Rc8 27. Ra2
Rc7 28. Rc2 a5 29. Nb5 Rc8 30. c7 Nd5 31. Ra2 Nxc7 32. Rc2 Nxb5 33. Rxc8+ Kh7
34. Rc5 Nd4 35. Rxa5 Kg6 36. g3 Kf5 37. f4 g5 38. Ra4 Ne2+ 39. Kf2 Nc3 40. Rc4
Ne4+ 41. Ke2 Nxg3+ 42. Kf3 Nh5 43. fxg5 hxg5 44. h4 gxh4 45. Rxh4 Kg6 46. Kg4
Ng7 47. Rh1 f6 48. exf6 Kxf6 49. Kf4 Nf5 50. Re1 Nd4 51. Rf1 e5+ 52. Ke4+ Ke6
53. Rf2 Kd6 54. Rf6+ Kc5 55. Kxe5 Nc6+ 56. Ke4 Kb5 57. Kd5 Nb4+ 58. Kd4 Nc6+
59. Ke4 Kc5 60. Rh6 Ne7 61. Rh5+ Kd6 62. Kd4 Nc6+ 63. Ke4 Ne7 64. Ra5 Nc8 65.
Kd4 Ke6 66. Rh5 Ne7 67. Ke4 Kd6 68. Rg5 1/2-1/2

[Event "DEM U12 2011"]
[Site "Oberhof GER"]
[Date "2011.06.13"]
[Round "3"]
[White "Kast, Larissa"]
[Black "Hoffmann, Christoph"]
[Result "1-0"]
[Termination "normal"]
[Board "39"]
[WhiteElo "1158"]
[BlackElo "1360"]
[PlyCount "119"]
[WhiteFideId "24699055"]
[EventCountry "GER"]
[EventRounds "11"]
[EventType "swiss"]
[EventDate "2011.06.11"]

1. e4 e6 2. d4 d5 3. exd5 exd5 4. Nc3 Nf6 5. Bg5 Bb4 6. Qf3 Be6 7. a3 Bxc3+ 8.
Qxc3 Nbd7 9. Nf3 c6 10. Be2 O-O 11. Ne5 Qc7 12. Nd3 Ne4 13. Bf4 Qb6 14. Qb4
Rfe8 15. f3 Nef6 16. Qxb6 axb6 17. O-O-O Bf5 18. Rhe1 c5 19. dxc5 bxc5 20. g4
Bg6 21. h4 h6 22. h5 Bh7 23. Bd6 Bxd3 24. Bxd3 Rxe1 25. Rxe1 c4 26. Bf5 Re8 27.
Rxe8+ Nxe8 28. Bf4 Nc5 29. Kd2 Ne6 30. Ke3 Nf6 31. Be5 Nd7 32. Bd4 Kf8 33. c3
b6 34. f4 Ndc5 35. Bxe6 fxe6 36. Bxc5+ bxc5 37. Kd2 Ke7 38. Kc2 Kd6 39. b3
cxb3+ 40. Kxb3 Kc6 41. Ka4 Kb6 42. Kb3 Ka5 43. a4 Kb6 44. Ka3 c4 45. Kb4 Ka6
46. a5 Ka7 47. Kb5 Kb7 48. Kc5 Ka6 49. Kb4 Kb7 50. Kc5 Kc7 51. a6 Kb8 52. Kd4
Ka7 53. f5 exf5 54. gxf5 Kxa6 55. Kxd5 Kb5 56. Kd4 Kc6 57. Kxc4 Kb6 58. Kd5 Kc7
59. c4 Kd7 60. c5 1-0

[Event "DEM U12 2011"]
[Site "Oberhof GER"]
[Date "2011.06.13"]
[Round "3"]
[White "Richardt, Angelina"]
[Black "Burg, Niclas"]
[Result "0-1"]
[Termination "normal"]
[Board "40"]
[WhiteElo "1146"]
[BlackElo "1311"]
[PlyCount "88"]
[WhiteFideId "12938149"]
[BlackFideId "1271968"]
[EventCountry "GER"]
[EventRounds "11"]
[EventType "swiss"]
[EventDate "2011.06.11"]

1. e4 c5 2. Nc3 Nc6 3. g3 Nf6 4. Bg2 e6 5. d3 Be7 6. Nf3 O-O 7. O-O d5 8. e5
Nd7 9. Re1 f5 10. exf6 Nxf6 11. Ng5 e5 12. Nf3 Qd6 13. Qe2 d4 14. Ne4 Nxe4 15.
Qxe4 Bf5 16. Qe2 Bg4 17. Qe4 Bf5 18. Qe2 Bf6 19. Ng5 Bxg5 20. Bxg5 Rae8 21.
Rad1 Qe6 22. c4 Kh8 23. Bd5 Qg6 24. Bc1 Nb4 25. Bxb7 Bxd3 26. Qd2 Bc2 27. a3
Bxd1 28. Rxd1 Nc6 29. Re1 e4 30. b4 Qf6 31. Qc2 e3 32. fxe3 dxe3 33. Qe2 Nd4
34. Qg2 Qf2+ 35. Qxf2 exf2+ 36. Kg2 fxe1=Q 37. Bf4 Qe2+ 38. Kh3 Rxf4 39. gxf4
Qh5+ 40. Kg2 Qg4+ 41. Kf2 Re2+ 42. Kf1 Qh3+ 43. Kg1 Qxh2+ 44. Kf1 Qf2# 0-1

[Event "DEM U12 2011"]
[Site "Oberhof GER"]
[Date "2011.06.13"]
[Round "3"]
[White "Wallat, Jessica"]
[Black "Semenova, Alisa"]
[Result "1/2-1/2"]
[Termination "normal"]
[Board "41"]
[WhiteElo "1277"]
[BlackElo "1163"]
[PlyCount "50"]
[WhiteFideId "12909637"]
[BlackFideId "1272132"]
[EventCountry "GER"]
[EventRounds "11"]
[EventType "swiss"]
[EventDate "2011.06.11"]

1. e4 e5 2. Nf3 Nc6 3. Bc4 Bc5 4. c3 Nf6 5. d4 exd4 6. e5 Ne4 7. Qe2 d5 8. exd6
O-O 9. dxc7 Qd7 10. O-O Re8 11. Qd3 dxc3 12. Qxd7 Bxd7 13. Nxc3 Nxc3 14. bxc3
Rac8 15. Bb2 Rxc7 16. Rfe1 Rcc8 17. h3 h6 18. Rad1 Rcd8 19. Rxe8+ Bxe8 20. Bd5
Rd7 21. c4 b5 22. cxb5 Nb4 23. Bb3 Rxd1+ 24. Bxd1 Nd3 25. Bd4 Bxb5 1/2-1/2

[Event "DEM U12 2011"]
[Site "Oberhof GER"]
[Date "2011.06.13"]
[Round "3"]
[White "Kühn, Kolja"]
[Black "Ley, Sabrina"]
[Result "0-1"]
[Termination "normal"]
[Board "42"]
[WhiteElo "1273"]
[BlackElo "1156"]
[PlyCount "88"]
[WhiteFideId "12938106"]
[BlackFideId "12938130"]
[EventCountry "GER"]
[EventRounds "11"]
[EventType "swiss"]
[EventDate "2011.06.11"]

1. f4 Nc6 2. Nf3 d6 3. b3 e5 4. e3 exf4 5. exf4 Nf6 6. Bc4 Bf5 7. d4 d5 8. Be2
Ne4 9. O-O Bd6 10. c4 dxc4 11. Bxc4 Qf6 12. Ne5 Bxe5 13. fxe5 Qg6 14. Qf3 Nxd4
15. Qf4 O-O-O 16. Rd1 Nc2 17. Qf1 Bg4 18. Rd3 Nxa1 19. e6 Bxe6 20. Bf4 Bxc4 21.
Rxd8+ Rxd8 22. Qxc4 Rd1+ 23. Qf1 Rxf1+ 24. Kxf1 Qa6+ 25. Ke1 Nc2+ 26. Kd1 Qd3+
27. Kc1 Qf1+ 28. Kxc2 Qxf4 29. g3 Qf2+ 30. Kc1 Qe1+ 31. Kb2 c5 32. a3 b5 33. a4
bxa4 34. bxa4 c4 35. a5 c3+ 36. Kb3 Qxb1+ 37. Kc4 c2 38. Kd4 c1=Q 39. Kd5 Qd2+
40. Ke5 Qdb2+ 41. Kf5 Qd4 42. a6 g6+ 43. Kg4 f5+ 44. Kh3 Ng5+ 0-1

[Event "DEM U12 2011"]
[Site "Oberhof GER"]
[Date "2011.06.13"]
[Round "3"]
[White "Allin, Katharina"]
[Black "Niedwetzki, Jan Daniel"]
[Result "0-1"]
[Termination "normal"]
[Board "43"]
[WhiteElo "1256"]
[BlackElo "1120"]
[PlyCount "124"]
[WhiteFideId "12903779"]
[BlackFideId "12938157"]
[EventCountry "GER"]
[EventRounds "11"]
[EventType "swiss"]
[EventDate "2011.06.11"]

1. e4 c5 2. Nf3 d6 3. d4 cxd4 4. Nxd4 Nf6 5. Nc3 a6 6. Bd3 e6 7. Be3 b5 8. a3
Bb7 9. f3 Qc7 10. Qd2 Nbd7 11. Rf1 Ne5 12. Rc1 Rc8 13. Qe2 Be7 14. h3 Nh5 15.
Qd2 Nc4 16. Bxc4 Qxc4 17. g4 Nf6 18. Bf4 e5 19. Nf5 exf4 20. Nxg7+ Kf8 21. Nf5
Qc7 22. Qxf4 d5 23. Qh6+ Ke8 24. Ng7+ Kd8 25. Rd1 Qc5 26. Rf2 Kc7 27. Qf4+ Kb6
28. Qe5 dxe4 29. f4 Qxe5 30. fxe5 Ne8 31. Rxf7 Bh4+ 32. Ke2 Nxg7 33. Rxg7 Rce8
34. Nd5+ Bxd5 35. Rxd5 Rc8 36. Rd6+ Rc6 37. Ke3 Rxd6 38. exd6 Kc6 39. d7 Bf6
40. Rf7 Bxb2 41. Re7 Rd8 42. Rxh7 Rxd7 43. Rxd7 Kxd7 44. Kxe4 Bxa3 45. Kf5 Be7
46. g5 Bxg5 47. Kxg5 a5 48. h4 a4 49. h5 a3 50. h6 a2 51. h7 a1=Q 52. Kg6 Qh8
53. c3 Ke6 54. c4 bxc4 55. Kh6 Kf6 56. Kh5 Qxh7+ 57. Kg4 Ke5 58. Kg3 Qf5 59.
Kg2 Ke4 60. Kh2 Qg5 61. Kh1 Kf3 62. Kh2 Qg2# 0-1

[Event "DEM U12 2011"]
[Site "Oberhof GER"]
[Date "2011.06.13"]
[Round "3"]
[White "Lederer, Leia"]
[Black "Silber, Stefanie"]
[Result "0-1"]
[Termination "normal"]
[Board "44"]
[WhiteElo "1252"]
[BlackElo "1095"]
[PlyCount "96"]
[WhiteFideId "12926353"]
[BlackFideId "12918245"]
[EventCountry "GER"]
[EventRounds "11"]
[EventType "swiss"]
[EventDate "2011.06.11"]

1. e4 c6 2. d4 d5 3. Nc3 dxe4 4. Nxe4 Bf5 5. Ng3 Bg6 6. h4 h6 7. h5 Bh7 8. Bd3
Bxd3 9. Qxd3 e6 10. Bd2 Nf6 11. Nf3 Bd6 12. O-O-O O-O 13. Ne4 Ng4 14. Qe2 Be7
15. Bc3 Qb6 16. Nh4 Nf6 17. g4 Nd5 18. Bd2 f6 19. Ng6 Re8 20. f4 f5 21. Nf2 Bd6
22. g5 Qxd4 23. gxh6 gxh6 24. Rhg1 Kf7 25. Nd3 Nd7 26. Qg2 Rg8 27. Rge1 Rae8
28. Qh3 b5 29. c3 Qa4 30. Kb1 c5 31. Qh4 c4 32. Nde5+ Nxe5 33. Nxe5+ Bxe5 34.
fxe5 Rg4 35. Qh3 Rh8 36. Rg1 Rhg8 37. Rgf1 Rg3 38. Qh1 Rg2 39. Rfe1 f4 40. Qf1
R8g4 41. Qf3 Ke8 42. Qe4 Rg7 43. Bxf4 R7g4 44. Rf1 Kd8 45. Rfe1 Kc7 46. Rf1
Nxc3+ 47. bxc3 Qxa2+ 48. Kc1 Qb2# 0-1

[Event "DEM U12 2011"]
[Site "Oberhof GER"]
[Date "2011.06.13"]
[Round "3"]
[White "Usczeck, Alina"]
[Black "Schröder, Janina"]
[Result "0-1"]
[Termination "normal"]
[Board "45"]
[WhiteElo "1219"]
[BlackElo "1065"]
[PlyCount "62"]
[WhiteFideId "12938114"]
[BlackFideId "24693138"]
[EventCountry "GER"]
[EventRounds "11"]
[EventType "swiss"]
[EventDate "2011.06.11"]

1. d4 d5 2. c4 e6 3. Nc3 Nf6 4. cxd5 Nxd5 5. e4 Nxc3 6. bxc3 Nc6 7. Nf3 Be7 8.
Bf4 O-O 9. Bd3 Ba3 10. Qc2 e5 11. Nxe5 Nxe5 12. Bxe5 Re8 13. O-O c5 14. Qb3
cxd4 15. Bxd4 Bd6 16. f3 Qc7 17. g3 Be6 18. Qc2 Bc5 19. Bxc5 Qxc5+ 20. Kg2 Rac8
21. Rfc1 Red8 22. Be2 h6 23. Rd1 Qe3 24. Rxd8+ Rxd8 25. Rd1 Rxd1 26. Bxd1 Bc4
27. a4 Qe1 28. Kh3 Qf1+ 29. Kh4 g5+ 30. Kg4 Be6+ 31. Kh5 Qh3# 0-1

[Event "DEM U12 2011"]
[Site "Oberhof GER"]
[Date "2011.06.13"]
[Round "3"]
[White "Zech, Anna"]
[Black "Möller, Hannah"]
[Result "1-0"]
[Termination "normal"]
[Board "46"]
[WhiteElo "957"]
[BlackElo "1204"]
[PlyCount "75"]
[WhiteFideId "12909424"]
[BlackFideId "1270514"]
[EventCountry "GER"]
[EventRounds "11"]
[EventType "swiss"]
[EventDate "2011.06.11"]

1. e4 e5 2. Nf3 Nc6 3. Bb5 d6 4. d4 a6 5. Bxc6+ bxc6 6. dxe5 d5 7. Nc3 Bb4 8.
O-O Bxc3 9. bxc3 Ne7 10. exd5 cxd5 11. Ba3 c6 12. Rb1 O-O 13. Bd6 Re8 14. Qd3
Ng6 15. Rfe1 Qd7 16. c4 dxc4 17. Qxc4 Qg4 18. Qxc6 Bd7 19. Qe4 Nf4 20. g3 Nh3+
21. Kg2 Nf4+ 22. Qxf4 Qh3+ 23. Kg1 Re6 24. Ng5 Qh5 25. Nxe6 Bxe6 26. Rb8+ Rxb8
27. Bxb8 h6 28. h4 g5 29. hxg5 hxg5 30. Qf6 Bd5 31. Qd8+ Kh7 32. Qxd5 f5 33.
exf6 Kh8 34. f7 Kg7 35. Re7 Qg6 36. f8=R+ Kxf8 37. Qd8+ Qe8 38. Qxe8# 1-0

[Event "DEM U12 2011"]
[Site "Oberhof GER"]
[Date "2011.06.13"]
[Round "3"]
[White "Weiten, Anna"]
[Black "Denkert, Anna"]
[Result "0-1"]
[Termination "normal"]
[Board "47"]
[WhiteElo "872"]
[BlackElo "1173"]
[PlyCount "116"]
[WhiteFideId "12938203"]
[BlackFideId "12938122"]
[EventCountry "GER"]
[EventRounds "11"]
[EventType "swiss"]
[EventDate "2011.06.11"]

1. e4 e5 2. Nf3 Nf6 3. Nxe5 d6 4. Nf3 Nxe4 5. Nc3 Nxc3 6. dxc3 Bg4 7. Be2 Be7
8. O-O O-O 9. Bf4 Nc6 10. h3 Bh5 11. Nd4 Bxe2 12. Qxe2 Nxd4 13. cxd4 Re8 14.
Qg4 Bf6 15. Rfe1 Rxe1+ 16. Rxe1 Bxd4 17. c3 Bf6 18. Re3 Qc8 19. Qg3 Qf5 20. Re1
Qd7 21. Re3 Re8 22. Rxe8+ Qxe8 23. Bd2 Qe2 24. Qe3 Qxe3 25. Bxe3 a6 26. a3 Kf8
27. Bd4 Bxd4 28. cxd4 Ke7 29. g4 Ke6 30. f4 Kd5 31. f5 Kxd4 32. Kg2 Ke4 33. Kg3
d5 34. h4 d4 35. Kf2 Kf4 36. g5 Kxf5 37. Ke2 Kg4 38. Kd3 f5 39. gxf6 gxf6 40.
Kxd4 f5 41. Ke3 Kg3 42. b4 f4+ 43. Ke2 Kg2 44. a4 f3+ 45. Ke3 f2 46. b5 f1=Q
47. bxa6 Qxa6 48. Kf4 Qxa4+ 49. Kg5 Kh3 50. Kf6 Qe4 51. Kg5 Qf3 52. Kh6 Qg4 53.
Kxh7 Kxh4 54. Kh6 Qg5+ 55. Kh7 Kg4 56. Kh8 Kf5 57. Kh7 Kf6 58. Kh8 Qg7# 0-1